00330nam a2200121Ia 4500008004100000040001700041041001200058082001700070100001800087245006300105260002800168300001200196230917s9999||||xx |||||||||||||| ||und|| e132214aMAIN aEnglish a301.412 R13G aRai, Shirin M 0aGender politics of development: essays in hope and despair aNew DelhibZubaanc2008 a216p p.